| 000 | 02111nam a22001577a 4500 | ||
|---|---|---|---|
| 041 | _aukr | ||
| 080 | _a09 | ||
| 090 | _bКОН | ||
| 100 | _aКодратьєва А.Є. | ||
| 245 | _aКонструювання магічної реальності у творах Дж. Апдайка та В. Шевчука | ||
| 260 |
_aОстрог _bКАФ _c2010 |
||
| 300 | _a91 | ||
| 520 |
_aВСТУП
РОЗДІЛ 1 МАГІЧНИЙ РЕАЛІЗМ ЯК ХУДОЖНЯ СИСТЕМА
1.1 Проблема стилю у XX ст.
1.2 Нарис історії стилю магічного реалізму.
1.3 Естетичні принципи та засоби: гротеск, пародія, іронія, часо-просторові зсуви.
1.4 Магічний реалізм і постмодерна теорія (автор читач).
РОЗДІЛ 2 АМЕРИКАНСЬКА ТА УКРАЇНСЬКА МОДЕЛІ МАГІЧНОГО РЕАЛІЗМУ
2.1 Своєрідність осмислення проблем спілкування персонажів (засоби магічної сугестії).
2.2 Образи емансипованих жінок у суспільстві (магічний хронотоп).
2.3 "Бразилія" Дж. Апдайка: трансгресія, літературні міфи та інтертекстуальність.
2.4 "Дім на горі" В. Шевчука: містицизм і національна ідентичність в тоталітарній культурі.
РОЗДІЛ 3 СТИЛЬОВІ ЗАСОБИ ЗОБРАДЕННЯ МАГІЧНОГО
3.1 Маскультурні та фольклорні засоби: кітч Дж. Апдайка, автентичність В. Шевчука.
3.2 Порівняння психологічних типів демонічних персонажів.
3.3 Наратив "Бразилія".
3.4 Композиція "Дому на горі".
ВИСНОВКИ _0магічний реалізм, Дж.Апдайк, В.Шевчук |
||
| 650 | _aResearch Papers | ||
| 999 |
_c284280 _d284280 |
||
| 942 | _cBK | ||